|
|
|
|
| LEADER |
01052nam a2200265 a 4500 |
| 001 |
c000342040 |
| 003 |
CARM |
| 005 |
00000000000000.0 |
| 008 |
840730s1970 vra b 00010 eng d |
| 019 |
1 |
|
|a 3280362
|z 5479480
|5 LACONCORD2021
|
| 035 |
|
|
|a (OCoLC)152903905
|5 LACONCORD2021
|
| 040 |
|
|
|a SFED
|c SFED
|
| 043 |
|
|
|a u-at---
|
| 082 |
1 |
|
|a 657./0994
|2 19
|
| 100 |
1 |
|
|a Kenley, W. J.
|q (W. John)
|
| 245 |
1 |
2 |
|a A Statement of Australian accounting principles /
|c by W.J. Kenley.
|
| 260 |
|
|
|a [Melbourne?] :
|b Accountancy Research Foundation, Accounting and Auditing Research Committee,
|c 1970.
|
| 300 |
|
|
|a 121 p. ;
|c 25 cm.
|
| 500 |
|
|
|a At head of title: Accountancy Research Foundation.
|
| 504 |
|
|
|a References : p. 120-121.
|
| 650 |
|
0 |
|a Accounting
|z Australia.
|
| 650 |
|
0 |
|a Accounting
|x Standards
|z Australia.
|
| 852 |
8 |
|
|b CARM
|h A1:AP21A0
|i B07404
|p 0348313
|f BK
|
| 999 |
f |
f |
|i 815c5d82-505c-55cf-a079-e8fed918b46c
|s 72db5097-caeb-5b60-a817-50e628559c80
|
| 952 |
f |
f |
|p Can circulate
|a CAVAL
|b CAVAL
|c CAVAL
|d CARM 1 Store
|e B07404
|f A1:AP21A0
|h Other scheme
|i book
|m 0348313
|